| 000 | 01802nam1a2200289 i 4500 | ||
|---|---|---|---|
| 001 | RU\NLR\BIBL_A\012077025 | ||
| 005 | 20240921145903.0 | ||
| 010 | _a9785726709734 | ||
| 035 | _a(NLR Aleph) 012077025 | ||
| 090 |
_a11784499 _c11784499 |
||
| 100 | _a20190819g20179999u y0rusy50 ca | ||
| 101 | 0 | _arus | |
| 102 | _aRU | ||
| 105 | _a||||j|||||||| | ||
| 200 | 1 |
_aИстория агрономии _eучебное пособие _e[для обучающихся высших учебных заведений сельскохозяйственного профиля] _fМ.А. Несмеянова, А.В. Дедов, Е.В. Коротких _gМинистерство сельского хозяйства Российской Федерации, ФГБОУ ВО "Воронежский государственный аграрный университет имени императора Петра I" |
|
| 210 |
_aВоронеж _cФедеральное государственное бюджетное образовательное учреждение высшего образования "Воронежский государственный аграрный университет имени императора Петра I" _d2017 |
||
| 215 | _d20 | ||
| 606 | 1 |
_aАгрономия _jУчебные издания для высших учебных заведений _xИстория _92458364 _3RU\NLR\AUTH\661461025 |
|
| 686 | 1 | _aП14г.я73 | |
| 700 | 1 |
_aНесмеянова _bМ. А. _gМарина Анатольевна |
|
| 701 | 1 |
_aДедов _bА. В. _gАнатолий Владимирович |
|
| 701 | 1 |
_aКоротких _bЕ.В. |
|
| 852 |
_aNLR _j2019-3/21385 |
||
| 942 | _cBOOK | ||
| 980 | _aNBR | ||